000 00308nam a2200121Ia 4500
008 191201s2004 xx 000 0 und d
100 _aOLSON, David L
245 0 _aManagerial Issue of Enterprise Resource Planning Systems
260 _aN. Delhi
_bTMH
_c2004
300 _a180
650 _aMBA
942 _2ddc
_cBK
999 _c178
_d178